Taxmann's: Company law and practice (Record no. 103980)

MARC details
000 -LEADER
fixed length control field 00367nam a2200145Ia 4500
008 - FIXED-LENGTH DATA ELEMENTS--GENERAL INFORMATION
fixed length control field 230917s9999||||xx |||||||||||||| ||und||
040 ## - CATALOGING SOURCE
-- 138883
Original cataloging agency VIVEKANANDA LIBRARY
041 ## - Language
-- English
082 ## - DDC NUMBER
Classification number 346.022 M289T
100 ## - MAIN ENTRY--PERSONAL NAME
Personal name Majumdar, A.K
245 #0 - TITLE STATEMENT
Title Taxmann's: Company law and practice
260 ## - PUBLICATION, DISTRIBUTION, ETC. (IMPRINT)
Place of publication, distribution, etc New Delhi
Name of publisher, distributor, etc Taxmannn Allied
Date of publication, distribution, etc 2000
300 ## - PHYSICAL DESCRIPTION
Pages 1038 p.
942 ## - ADDED ENTRY ELEMENTS (KOHA)
Koha item type Books
Holdings
Withdrawn status Lost status Damaged status Not for loan Location (home branch) Sublocation or collection (holding branch) Date acquired Koha issues (times borrowed) Koha full call number Accession No. Koha date last seen Koha item type
        VIVEKANANDA LIBRARY VIVEKANANDA LIBRARY 18/02/2010   346.022 M289T 188296 17/09/2023 Books
© Designed and Maintained by Vivekananda Library, MDU Rohtak